The law of civil procedure : (Record no. 1682)
[ view plain ]
| 000 -LEADER | |
|---|---|
| fixed length control field | 00709nam a22002177a 4500 |
| 001 - CONTROL NUMBER | |
| control field | 15609 |
| 003 - CONTROL NUMBER IDENTIFIER | |
| control field | BD-DhUAP |
| 005 - DATE AND TIME OF LATEST TRANSACTION | |
| control field | 20210124100136.0 |
| 008 - FIXED-LENGTH DATA ELEMENTS--GENERAL INFORMATION | |
| fixed length control field | 200212r20092006bg ||||| |||| 00| 0 eng d |
| 020 ## - INTERNATIONAL STANDARD BOOK NUMBER | |
| International Standard Book Number | 9848272224 |
| 040 ## - CATALOGING SOURCE | |
| Original cataloging agency | BD-DhUAP |
| Language of cataloging | Eng |
| Transcribing agency | BD-DhUAP |
| Modifying agency | BD-DhUAP |
| 082 ## - DEWEY DECIMAL CLASSIFICATION NUMBER | |
| Edition number | 23 |
| Classification number | 347.05 ISL |
| 100 ## - MAIN ENTRY--PERSONAL NAME | |
| Personal name | Islam, Mahmudul. |
| 245 ## - TITLE STATEMENT | |
| Title | The law of civil procedure : |
| Remainder of title | commentary on the code of civil procedure and the civil courts act / |
| Statement of responsibility, etc. | Mahmudul Islam and Probir Neogi. |
| 260 ## - PUBLICATION, DISTRIBUTION, ETC. | |
| Place of publication, distribution, etc. | Dhaka : |
| Name of publisher, distributor, etc. | Mullick brothers, |
| Date of publication, distribution, etc. | c2006 [Reprinted 2009]. |
| 300 ## - PHYSICAL DESCRIPTION | |
| Extent | volumes ; |
| Dimensions | 23 cm. |
| 505 ## - FORMATTED CONTENTS NOTE | |
| Formatted contents note | V. 1- (C.P.C. S.1 to or. 21 r. 52). |
| 650 ## - SUBJECT ADDED ENTRY--TOPICAL TERM | |
| Topical term or geographic name entry element | Civil procedure. |
| 700 ## - ADDED ENTRY--PERSONAL NAME | |
| Personal name | Neogi, Probir. |
| 942 ## - ADDED ENTRY ELEMENTS (KOHA) | |
| Source of classification or shelving scheme | |
| Koha item type | Book |
| Withdrawn status | Lost status | Source of classification or shelving scheme | Damaged status | Not for loan | Permanent Location | Current Location | Shelving location | Date acquired | Full call number | Barcode | Date last seen | Copy number | Price effective from | Koha item type | Total Checkouts | Date last checked out | Total Renewals |
|---|---|---|---|---|---|---|---|---|---|---|---|---|---|---|---|---|---|
| UAP Central Library | UAP Central Library | General Stacks | 2020-02-12 | 347.05 ISL V-1 | 3010015609 | 2020-02-12 | 1 | 2020-02-12 | Book | ||||||||
| UAP Central Library | UAP Central Library | General Stacks | 2020-02-12 | 347.05 ISL V-1 | 3010009327 | 2025-08-18 | 2 | 2020-02-12 | Book | 1 | 2025-08-13 | ||||||
| UAP Central Library | UAP Central Library | General Stacks | 2020-02-12 | 347.05 ISL V-1 | 3010011710 | 2020-02-12 | 3 | 2020-02-12 | Book | ||||||||
| UAP Central Library | UAP Central Library | General Stacks | 2020-02-12 | 347.05 ISL V-1 | 3010011708 | 2020-02-12 | 4 | 2020-02-12 | Book | ||||||||
| UAP Central Library | UAP Central Library | General Stacks | 2020-02-12 | 347.05 ISL V-1 | 3010009475 | 2020-02-12 | 5 | 2020-02-12 | Book | ||||||||
| UAP Central Library | UAP Central Library | General Stacks | 2020-02-12 | 347.05 ISL V-1 | 3010015607 | 2022-07-26 | 6 | 2020-02-12 | Book | 1 | 2022-07-21 | ||||||
| UAP Central Library | UAP Central Library | General Stacks | 2020-02-12 | 347.05 ISL V-1 | 3010011706 | 2020-02-12 | 7 | 2020-02-12 | Book | ||||||||
| UAP Central Library | UAP Central Library | General Stacks | 2020-02-12 | 347.05 ISL V-1 | 3010015605 | 2020-02-12 | 8 | 2020-02-12 | Book | ||||||||
| UAP Central Library | UAP Central Library | General Stacks | 2020-02-12 | 347.05 ISL V-1 | 3010009325 | 2024-10-07 | 9 | 2020-02-12 | Book | 1 | 2024-09-23 | ||||||
| UAP Central Library | UAP Central Library | General Stacks | 2020-02-12 | 347.05 ISL V-1 | 3010015604 | 2025-05-22 | 10 | 2020-02-12 | Book | 2 | 2025-05-05 | 3 | |||||
| UAP Central Library | UAP Central Library | General Stacks | 2020-02-12 | 347.05 ISL V-1 | 3010015608 | 2020-12-31 | 11 | 2020-02-12 | Book |
Bengali Keyboard